MARC

LEADER 00000nam0a2200000 4500
001 52424
005 20231031041604.0
035 |a (RuTPU)RU\TPU\book\54932 
090 |a 52424 
100 |a 20030529d1980 km y0rusy50 ca 
101 0 |a rus 
102 |a RU 
105 |a a z 001zy 
200 1 |a Тиристоры  |f В. Я. Замятин, Б. В. Кондратьев 
210 |a Москва  |c Советское радио  |d 1980 
215 |a 65 с.  |c ил. 
225 1 |a Элементы радиоэлектронной аппаратуры  |h Вып. 40 
320 |a Библиогр.: с. 63. 
610 1 |a преобразовательная техника 
610 1 |a тиристоры 
610 1 |a тиристорные преобразователи 
610 1 |a параметры 
610 1 |a конструкции 
610 1 |a надежность 
610 1 |a применение 
675 |a 621.314.63  |v 3 
700 1 |a Замятин  |b В. Я.  |g Владимир Яковлевич 
701 1 |a Кондратьев  |b Б. В.  |g Борис Владимирович 
801 1 |a RU  |b 63413507  |c 20030529  |g PSBO 
801 2 |a RU  |b 63413507  |c 20160210  |g PSBO 
942 |c BK